LEADER 01175naa a2200205 u 4500 001 000000101723 003 CaOOAMICUS 005 20070226130208.0 008 060310s2005 it u000 u ita u 035 $a11080453 040 $aIAR$bita 100 1 $aScorza Barcellona, Francesco,$d1943-$0(OLS)http://pul/name/9722 245 10$a[Recensione :] La figura di san Pietro nelle fonti del Medioevo. Atti del convegno tenutosi in occasione dello >Studiorum universitatum docentium congressus<, Viterbo e Roma 5-8 settembre 2000 /$c[Francesco Scorza Barcellona]. 260 $aBologna :$bEd. Dehoniane,$c2005. 300 $aS. 547-550 ;$c22 cm 630 04$aFigura di san Pietro nelle fonti del Medioevo.$0(OLS)http://pul/subject/32834 730 0 $aCristianesimo nella storia$g[Spogli].$0(OLS)http://pul/title/7312 773 0 $tCristianesimo nella storia$k26 (2005)$w()5012 996 $6245$a[Recensione :] La figura di san Pietro nelle fonti del Medioevo. Atti del convegno tenutosi in occasione dello >Studiorum universitatum docentium congressus<, Viterbo e Roma 5-8 settembre 2000$9(OLS)http://pul/title/128630 996 $6260$aBologna :$bEd. Dehoniane$9(OLS)http://pul/publisher/48282 LEADER 01090nam a2200289 u 4500 001 000000063516 003 CaOOAMICUS 005 20070226121244.0 008 011029s1965 sz u000 u fre u 035 $a10908159 040 $aPUL(R)$bita 100 1 $aMehl, Roger.$0(OLS)http://pul/name/43073 245 10$aTraité de sociologie du protestantisme /$cRoger Mehl. 260 $aNeuchatel :$bDelachaux & Niestlé,$cc1965. 300 $a283 p. ;$c23 cm 490 1 $aBibliothèque théologique 504 $aBibliografia in nota. 650 4$aProtestantesimo.$0(OLS)http://pul/subject/447 830 0$aBibliothèque théologique.$0(OLS)http://pul/title/159 850 $aPUL 852 $aPUL$W1$xSL Religione 1$y3$m74 M 6$j82426$nBK-PRI$b $qStampati$B82426$CPULBib$Z2$F82426 $H $81 941 1 $a8 960 $aRiforma$9447 960 $aRiforma$9447 961 $aINV: 33407 996 $6245$aTraité de sociologie du protestantisme$9(OLS)http://pul/title/84686 996 $6260$aNeuchatel :$bDelachaux & Niestlé$9(OLS)http://pul/publisher/47915